Music Quiz

Random Music or Lyrics Quiz

Figure Out The Lyrics: TV Theme II Quiz Stats

 Plays Quiz not verified by Sporcle

Support Sporcle.
Go Orange.
Score 0/85 Timer 08:00
0 Plays Today
% Correct
The
97.9%
The
97.9%
The
97.9%
And
97.9%
The
97.9%
The
97.9%
The
97.9%
And
97.9%
You
85.6%
Me
78.8%
Me
78.8%
We
77.7%
We
77.7%
We
77.7%
We
77.7%
We
77.7%
We
77.7%
Be
76.4%
To
75.3%
On
73.3%
Is
73.3%
On
73.3%
In
71.4%
Can
64.2%
Love
58.6%
Your
56.3%
Who
55.1%
That
50%
That
50%
% Correct
We're
49.1%
As
45.9%
As
45.9%
As
45.9%
As
45.9%
Our
45.5%
Our
45.5%
All
43.7%
Time
42.6%
Way
42.3%
Or
39.9%
World
39.6%
Don't
37%
Got
35.1%
Got
35.1%
Got
35.1%
Best
33.9%
Each
30%
Other
29.8%
Other
28.4%
Each
27.9%
Show
27.4%
Take
26.7%
Long
25%
Long
25%
Right
24.7%
Hands
24.1%
Never
22.4%
Baby
21.7%
% Correct
Baby
21.7%
Oh
21.6%
End
20.7%
Smile
19.9%
Again
19.9%
Begin
18.7%
Anything
17.6%
Keep
17.1%
Gotta
17%
Laughter
16.8%
Another
16.6%
Comes
16.6%
Crying
16.4%
Waste
16.3%
Near
16.3%
Minute
15.6%
Rain
15.4%
Shine
15.2%
Sharing
15.2%
Luckiest
14%
Spinning
13.7%
Ready
13.5%
Nowhere
12.8%
Dreamers
12.8%
Giving
12.3%
Dreaming
12%
Quit
9.9%

You're not logged in!

Compare scores with friends on all Sporcle quizzes.
OR
Log In

From the Vault

Countries Hoarding the Alphabet

by jimmyrickards

We see that some of these countries are definitely stockpiling vowels.
Remove Ads.
Support Sporcle.
Get the best of Sporcle when you Go Orange. This ad-free experience offers more features, more stats, and more fun while also helping to support Sporcle. Thank you for becoming a member.

Show Comments

Extras

Top Quizzes Today


Score Distribution

Your Account Isn't Verified!

In order to create a playlist on Sporcle, you need to verify the email address you used during registration. Go to your Sporcle Settings to finish the process.

Report this User

Report this user for behavior that violates our Community Guidelines.

Details: